LEADER 02688oam 2200613I 450 001 9910457334703321 005 20210422192704.0 010 $a0-429-96506-0 010 $a0-429-49651-6 010 $a1-283-28568-1 010 $a9786613285683 010 $a0-8133-4504-9 024 7 $a10.4324/9780429496516 035 $a(CKB)2550000000054127 035 $a(EBL)771767 035 $a(OCoLC)753480373 035 $a(SSID)ssj0000537096 035 $a(PQKBManifestationID)12176386 035 $a(PQKBTitleCode)TC0000537096 035 $a(PQKBWorkID)10552515 035 $a(PQKB)11539435 035 $a(MiAaPQ)EBC771767 035 $a(OCoLC)1029238159 035 $a(EXLCZ)992550000000054127 100 $a20180706d2012 uy 0 101 0 $aeng 135 $aur|n|---||||| 181 $ctxt 182 $cc 183 $acr 200 04$aThe ghetto $econtemporary global issues and controversies /$fedited by Ray Hutchison and Bruce D. Haynes 210 1$aBoulder, Colo. :$cWestview Press,$d2012. 215 $a1 online resource (671 p.) 300 $aDescription based upon print version of record. 311 $a0-367-31851-2 311 $a0-8133-4503-0 320 $aIncludes bibliographical references and index. 327 $aCover; Title Page; Copyright; Contents; INTRODUCTION; 1. A Janus-Faced Institution of Ethnoracial Closure: A Sociological Specification of the Ghetto; 2. De-spatialization and Dilution of the Ghetto: Current Trends in the United States; 3. Toward Knowing the Iconic Ghetto; 4. "You Just Don't Go Down There": Learning to Avoid the Ghetto in San Francisco; 5. In Terms of Harlem; 6. The Spike Lee Effect: Reimagining the Ghetto for Cultural Consumption; 7. Places of Stigma: Ghettos, Barrios, and Banlieues; 8. On the Absence of Ghettos in Latin American Cities 327 $a9. Divided Cities: Rethinking the Ghetto in Light of the Brazilian Favela10. Demonstrations at Work: Some Notes from Urban Africa; 11. From Refuge the Ghetto Is Born: Contemporary Figures of Heterotopias; 12. Where Is the Chicago Ghetto?; ABOUT THE CONTRIBUTORS; INDEX 330 $aA cutting-edge collection of original essays from leading scholars examining the contemporary state of the ghetto in all its forms 606 $aInner cities 606 $aSociology, Urban 608 $aElectronic books. 615 0$aInner cities. 615 0$aSociology, Urban. 676 $a307.3366 701 $aHaynes$b Bruce D.$f1960-$0870157 701 $aHutchison$b Ray$0870158 801 0$bFlBoTFG 801 1$bFlBoTFG 906 $aBOOK 912 $a9910457334703321 996 $aThe ghetto$91942659 997 $aUNINA LEADER 01025nam a22002531i 4500 001 991000415409707536 005 20040826151114.0 008 040920s1991 uik eng 020 $a9780412376900 035 $ab13217185-39ule_inst 035 $aARCHE-116342$9ExL 040 $aSet. Economia$bita$cA.t.i. Arché s.c.r.l. Pandora Sicilia s.r.l. 082 04$a658.5620 100 1 $aLyonnet, Patrick$0103531 245 10$aTools of total quality :$ban introduction to statistical process control /$cP. Lyonnet ; english translation by Jack Howlett 260 $aLondon [etc] :$bChapman,$c1991 300 $aVI, 184 p. ;$c24 cm 650 4$aControllo di qualità$xMetodi statistici 907 $a.b13217185$b03-04-19$c23-09-04 912 $a991000415409707536 945 $aLE025 ECO 658.5 LYO01.01$g1$i2025000164031$lle025$nCatalogato 2019$o-$pE0.00$q-$rl$s- $t0$u0$v0$w0$x0$y.i1387293x$z23-09-04 996 $aTools of Total Quality$9437981 997 $aUNISALENTO 998 $ale025$b23-09-04$cm$da $e-$feng$guik$h0$i1